000 02045cam a22005294i 4500
003 PE-LiUPU
005 20250731180105.0
008 150617s r 000 0 d
020 _a9681801806
035 _a(Sirsi) i9789681801809
040 _aPE-LiUPU
_bspa
_cPE-LiUPU
_erda
049 _aPRUA
082 0 4 _a536.7
_bV28
_221
100 1 _aVan Wylen, Gordon John,
_eautor.
245 1 0 _aFundamentos de termodinámica /
_cGordon John Van Wylen.
264 1 _aMéxico :
_bLimusa,
_c1992.
300 _a734 páginas ;
_c22 centímetros
336 _atext
_2rdacontent
337 _aunmediated
_2rdamedia
338 _avolume
_2rdacarrier
505 0 _aAlgunos comentarios de introducción -- Algunos conceptos y definiciones -- Propiedades de una substancia pura -- Trabajo y calor -- Primera ley de la termodinámica -- Segunda ley de la termodinámica -- Entropía -- Irreversibilidad y disponibilidad -- Ciclos de plantas y refrigeración -- Relaciones termodinómicas -- Mezclas y soluciones -- Reacciones químicas -- Introducción al equilibrio químico y de fases -- Flujo a través de las toberas y los álabes de las turbinas.
526 _aSEG44
526 _aSEG26
526 _aP159
526 _aP155
526 _aP154
526 _aP153
526 _aP150
526 _aP100
526 _aP31
526 _aP30
526 _aP26
526 _aP25
526 _aP24
526 _aP22
526 _aP15
526 _aP10
650 0 4 _aTermodinámica.
700 1 _aSonntag, Richard E.
910 _ajck
_bjvq
_cjck
_d20150616
942 _2ddc
_cBOOK
949 _a536.7 V28
_wDEWEY
_c1
_i35301
_d2016-8-25
_e2016-8-21
_lCCODEBUL1
_mBUL
_n3
_r0
_sY
_tBOOK
_u2015-4-22
_xEDUCACION
_zUNKNOWN
_0COMPRA
_o.STAFF. Colección General
994 _aC0
_bPEPRU
596 _a1
999 _a536.7 V28
_wDEWEY
_c19330
_i35301
_d19330
_e2016-8-21
_f2021-11-5
_g5
_lCCODEBUL1
_mBUL
_n3
_r0
_sN
_tBOOK
_u2015-4-22
_xBIBLIOTECA
_zUNKNOWN
_0COMPRA
_o.STAFF. Colección General
980 _81
_gALBERTO SANCHEZ Responsable de Automatización